ا ر د وز با نو ا د ب کے فر و غ و ا ر تقا ء مين ا سلا می تہز يب کا کر د ا ر (Record no. 93398)

MARC details
000 -LEADER
fixed length control field 00825nam a22002177a 4500
005 - DATE AND TIME OF LATEST TRANSACTION
control field 20150507145458.0
008 - FIXED-LENGTH DATA ELEMENTS--GENERAL INFORMATION
fixed length control field 140714b xxu||||| |||| 00| 0 Urdu d
010 ## - LCCN (DPL NO)
LC control number UR-8858
020 ## - INTERNATIONAL STANDARD BOOK NUMBER
Terms of availability 60.00
035 ## - SYSTEM CONTROL NUMBER
System control number U-7413
037 ## - SOURCE OF ACQUISITION
Source of stock number/acquisition BPPD/Pub/Ven
040 ## - CATALOGING SOURCE
Original cataloging agency DPL
Language of cataloging Urdu
082 ## - DEWEY DECIMAL CLASSIFICATION NUMBER
Classification number 440.8
100 ## - MAIN ENTRY--PERSONAL NAME
Personal name ا حمد سجا د
245 ## - TITLE STATEMENT
Title ا ر د وز با نو ا د ب کے فر و غ و ا ر تقا ء مين ا سلا می تہز يب کا کر د ا ر
Statement of responsibility, etc ا حمد سجا د
246 ## - VARYING FORM OF TITLE
Title proper/short title Urdu Zaban wa Adab ke Farogh wa Irtaqa mein Islami Tehzeeb ka Kirdar
Remainder of title ByAhmad Sajjad
260 ## - PUBLICATION, DISTRIBUTION, ETC. (IMPRINT)
Name of publisher, distributor, etc Applied Books
Date of publication, distribution, etc 2015
Place of publication, distribution, etc New Delhi
270 ## - ADDRESS
Address 1739/10,New Kohinoor Hotel Patoudi House,Darya Ganj,
City N.Delhi
Telephone number 01123266347
Postal code 110002
300 ## - PHYSICAL DESCRIPTION
Extent 56ص
Dimensions 22Cm (Hb)
942 ## - ADDED ENTRY ELEMENTS (KOHA)
Source of classification or shelving scheme Dewey Decimal Classification
Item type Urdu Bks
Edition
Classification part 440.8
Call number suffix ا ح م
Holdings
Withdrawn status Lost status Source of classification or shelving scheme Damaged status Not for loan Collection code Home library Current library Date acquired Source of acquisition Cost, normal purchase price Total Checkouts Full call number Barcode Date last seen Copy number Cost, replacement price Koha item type
    Dewey Decimal Classification   Not For Loan Non-fiction D.B.Act.Division D.B.Act.Division 07/05/2015 DBAD/Pub. 60.00   440.8 ا ح م U-7413 07/05/2015 1 60.00 Urdu Bks

© Delhi Public Library
Hit Counter
free hit counter